00000000nam 2200000zi 4500
0019.916955
003CaOODSP
00520251124105726
006m     o  d f      
007cr mn|||||||||
008221104t20222022qucab   ob   f000 0 fre d
020 |a9780660461519
040 |aCaOODSP|bfre|erda|cCaOODSP
043 |an-cn-qu
0861 |aCW66-923/2022F-PDF
24500|aGuide pour la planification d'interventions pour la moule zébrée dans le bassin de la rivière Saint-François.
264 1|a[Québec] : |bPlan d'action Saint-Laurent 2011-2026, |c2022.
264 4|c©2022
300 |a1 ressource en ligne (vi, 36 pages) : |billustrations en couleur, cartes (certaines en couleur)
336 |atexte|btxt|2rdacontent/fre
337 |ainformatique|bc|2rdamedia/fre
338 |aressource en ligne|bcr|2rdacarrier/fre
500 |aPublié aussi en anglais sous le titre : Zebra mussel response planning guide for the Saint-François River Basin.
500 |a« Octobre 2022. »
500 |a« EC22031. »
504 |aComprend des références bibliographiques.
5203 |a« Le guide pour la planification d'interventions sur la moule zébrée est un outil d'aide à la décision qu'on utilise lorsque cette espèce envahissante est détectée. Il décrit les étapes nécessaires pour décider si une intervention est possible ou souhaitable, choisir la meilleure option d'intervention selon la situation, et faciliter la mise en œuvre d'une intervention adéquate. Ce guide pour la planification d'interventions a été rédigé par Pêches et Océans Canada (MPO) et le ministère des Forêts, de la Faune et des Parcs (MFFP) afin d'outiller les gouvernements (municipaux, provincial, fédéral) et les organisations locales du bassin versant de la rivière Saint-François dans la prise de décision pour lutter contre la moule zébrée » -- Résumé, page iii.
650 6|aMoule zébrée|xDétection|zQuébec (Province)|zSaint-François, Bassin de la (Nicolet-Yamaska)
650 6|aMoule zébrée|xLutte contre|zQuébec (Province)|zSaint-François, Bassin de la (Nicolet-Yamaska)
650 6|aOrganismes d'eau douce introduits|xDétection|zQuébec (Province)|zSaint-François, Bassin de la (Nicolet-Yamaska)
650 6|aOrganismes d'eau douce introduits|xLutte contre|zQuébec (Province)|zSaint-François, Bassin de la (Nicolet-Yamaska)
7102 |aPlan d'action Saint-Laurent 2011-2026 (Canada), |eorganisme de publication.
7101 |aCanada. |bMinistère des pêches et des océans, |eorganisme de publication.
7101 |aQuébec (Province). |bMinistère des forêts, de la faune et des parcs, |eorganisme de publication.
77508|tZebra mussel response planning guide for the Saint-François River Basin.|w(CaOODSP)9.916954
85640|qPDF|s2.09 Mo|uhttps://publications.gc.ca/collections/collection_2023/eccc/cw66/CW66-923-2022-fra.pdf
986 |aEC22031